<?xml version="1.0" encoding="UTF-8"?>
<collection xmlns="http://www.loc.gov/MARC21/slim">
 <record>
  <leader>00954pam a22002418a 4500</leader>
  <controlfield tag="001">00019804</controlfield>
  <controlfield tag="005">20171026081022.0</controlfield>
  <controlfield tag="008">110508s1994                  ||||||Viesd</controlfield>
  <datafield tag="041" ind1="0" ind2="#">
   <subfield code="a">Vie</subfield>
  </datafield>
  <datafield tag="082" ind1="1" ind2="#">
   <subfield code="a">895.922 4</subfield>
   <subfield code="b">C450X</subfield>
  </datafield>
  <datafield tag="100" ind1="0" ind2="#">
   <subfield code="a">Thúy Toàn</subfield>
  </datafield>
  <datafield tag="245" ind1="0" ind2="0">
   <subfield code="a">Cỗ xe tam mã Nga</subfield>
   <subfield code="b">Tiểu luận, bút ký về giao lưu văn hóa Việt Nga</subfield>
   <subfield code="c">Thúy Toàn</subfield>
  </datafield>
  <datafield tag="260" ind1="#" ind2="#">
   <subfield code="a">H.</subfield>
   <subfield code="b">Văn học</subfield>
   <subfield code="c">1994</subfield>
  </datafield>
  <datafield tag="300" ind1="#" ind2="#">
   <subfield code="a">395 tr.</subfield>
   <subfield code="c">19 cm.</subfield>
  </datafield>
  <datafield tag="650" ind1=" " ind2=" ">
   <subfield code="a">Bút ký</subfield>
  </datafield>
  <datafield tag="650" ind1=" " ind2=" ">
   <subfield code="a">Văn học hiện đại</subfield>
  </datafield>
  <datafield tag="650" ind1=" " ind2=" ">
   <subfield code="a">Tiểu luận</subfield>
  </datafield>
  <datafield tag="852" ind1="#" ind2="#">
   <subfield code="b">Kho mượn</subfield>
   <subfield code="j">KM.0005031, KM.0005055, KM.0005057, KM.0005058, KM.0009247, KM.0009248, KM.0009246</subfield>
  </datafield>
  <datafield tag="852" ind1="#" ind2="#">
   <subfield code="b">Kho đọc</subfield>
   <subfield code="j">KD.0004892</subfield>
  </datafield>
  <datafield tag="852" ind1="#" ind2="#">
   <subfield code="j">KD.0004892</subfield>
   <subfield code="j">KM.0005031</subfield>
   <subfield code="j">KM.0005055</subfield>
   <subfield code="j">KM.0005057</subfield>
   <subfield code="j">KM.0009247</subfield>
   <subfield code="j">KM.0009246</subfield>
   <subfield code="j">KM.0005058</subfield>
   <subfield code="j">KM.0009248</subfield>
  </datafield>
  <datafield tag="852" ind1="#" ind2="#">
   <subfield code="b">Thư viện</subfield>
   <subfield code="j">KD.0004892</subfield>
  </datafield>
  <datafield tag="910" ind1=" " ind2=" ">
   <subfield code="d">08/05/2011</subfield>
  </datafield>
  <datafield tag="980" ind1="#" ind2="#">
   <subfield code="a">Trung tâm Học liệu Lê Vũ Hùng, Trường Đại học Đồng Tháp</subfield>
  </datafield>
 </record>
</collection>
